| 000 | 00619nam a22001817a 4500 | ||
|---|---|---|---|
| 999 |
_c17946 _d17946 |
||
| 008 | 191007b xxu||||| |||| 00| 0 eng d | ||
| 020 | _a0471939870 | ||
| 040 |
_aKABU _cKABU |
||
| 050 |
_aR853 _b.M37 1995 c. 1 |
||
| 100 | _aMarubini, Ettore | ||
| 245 |
_aAnalysing survival data from clinical trials and observational studies _cEttore Marubini and Maria Grazia Valsecchi |
||
| 260 |
_aNew York _bJohn Wiley & Sons _c1995 |
||
| 300 | _axvi, 414 p. | ||
| 650 |
_aClinical trials _xStatistical methods |
||
| 650 | _aSurvival analysis (Biometry) | ||
| 700 | _aValsecchi, Maria Grazia | ||
| 942 |
_2lcc _cBK _h.M37 1995 c. 1 |
||